00912cam a2200265 i 450000100090000000300090000900500170001800800410003501000170007602000420009302000390013504000100017404200080018405000210019208200170021310000350023024500870026525000200035230000490037250400510042165000440047265000340051665000410055085600550059118194633PK-NaQUE20250214104241.0140620t20142014flua 001 0 eng  a 2012474576 a9781466585188 (hbk. : acidfree paper) a1466585188 (hbk. : acidfree paper) cQUEST apcc00aTD791b.P46 201400a628.4PIC2231 aPichtel, John,d1957-eauthor.10aWaste Management Practices : municipal, hazardous, and industrial /cJohn Pichtel. aSecond edition. axxxvii, 644 pages :billustrations ;c26 cm. aIncludes bibliographical references and index. 0aRefuse and refuse disposalxManagement. 0aHazardous wastesxManagement. 0aFactory and trade wastexManagement. uhttp://10.10.170.122:8080/browse/book/26550yeBook